Satellite Images - Europe - Sudden Death - Statistics

General Stats
  • This quiz has been taken 41 times
  • The average score is 6 of 20
Answers on the Grid
Answers color-coded by a green-red scale on the quiz's grid according to % correct below.
 
Answer Stats
Answer % Correct
57%
57%
43%
43%
43%
29%
29%
29%
29%
29%
29%
29%
29%
29%
29%
29%
29%
14%
14%
14%
No matching quizzes found
Score Distribution
Percent of People with Each Score
Percentile by Number Answered
Your Score History
You have not taken this quiz